| 000 | 01428nac a22004817a 4500 | ||
|---|---|---|---|
| 001 | BR0601999 | ||
| 003 | BR-BrBNA | ||
| 005 | 20240105123319.0 | ||
| 008 | 230509b bl.|||m| |||| 00| 0 por d | ||
| 040 |
_aBR-BrBNA _bpor _cBiblioteca Nacional de Agricultura |
||
| 072 | _aF08; P35 | ||
| 090 | _aF08 BR0601999 | ||
| 100 | 1 | _aSalton, J.C. | |
| 100 | 1 | _aMielniczuk, J. | |
| 100 | 1 | _aBayer, C. | |
| 100 | 1 | _aFabrício, A.C. | |
| 100 | 1 | _aMacedo, M.C.M. | |
| 100 | 1 | _aBroch, D.L. | |
| 100 | 1 | _aBoeni, M. | |
| 100 | 1 | _aConceição, P.C. | |
| 110 | 1 | _aEMBRAPA Agropecuária Oeste, Dourados, MS (Brasil) | |
| 245 | 1 | _aMatéria orgânica do solo na integração lavoura-pecuária em Mato Grosso do Sul | |
| 260 | 3 |
_aDourados, MS (Brasil): _c2005. |
|
| 300 | _a58 p. | ||
| 490 |
_aBoletim de Pesquisa - EMBRAPA Agropecuária Oeste (Brazil) _vno. 29 _xISSN 1517-0322 |
||
| 500 | _aSummaries (En, Pt); 15 illus.; 35 ref. | ||
| 650 | _aPLANTIO DIRETO | ||
| 650 | _aSOJA | ||
| 650 | _aCARBONO | ||
| 650 | _aSOLO | ||
| 650 | _aMATÉRIA PRIMA | ||
| 650 | _aINTEGRAÇÃO | ||
| 650 | _aMATÉRIA ORGANICA | ||
| 650 | _aMANEJO DO SOLO | ||
| 650 | _aROTAÇÃO DE CULTURA | ||
| 650 | _aPASTAGEM | ||
| 650 | _aSISTEMA DE PRODUÇÃO | ||
| 650 | _aANÁLISE ESTATÍSTICA | ||
| 650 | _aLAVOURA | ||
| 650 | _aMATO GROSSO DO SUL | ||
| 909 |
_a202312 _bLúcia Elande _c55 _dLúcia Elande |
||
| 942 |
_2AGRIS _n0 _cMS |
||
| 999 |
_c294912 _d294912 |
||